Pokémon from Unova (#580 - #649) - Picture Quiz - Statistics

General Stats
  • This quiz has been taken 5 times
  • The average score is 64 of 70
Answer Stats
# Sprite Typing Answer % Correct
610 Axew
100%
614 Beartic
100%
625 Bisharp
100%
628 Braviary
100%
609 Chandelure
100%
638 Cobalion
100%
585                     Deerling
100%
633 Deino
100%
621 Druddigon
100%
605 Elgyem
100%
587 Emolga
100%
598 Ferrothorn
100%
611 Fraxure
100%
649 Genesect
100%
622 Golett
100%
623 Golurk
100%
612 Haxorus
100%
635 Hydreigon
100%
647 Keldeo
100%
600 Klang
100%
599 Klink
100%
601 Klinklang
100%
646 Kyurem
100%
645 Landorus
100%
636 Larvesta
100%
607 Litwick
100%
630 Mandibuzz
100%
648 Meloetta
100%
620 Mienshao
100%
624 Pawniard
100%
643 Reshiram
100%
627 Rufflet
100%
586 Sawsbuck
100%
616 Shelmet
100%
581 Swanna
100%
639 Terrakion
100%
642 Thundurus
100%
641 Tornadus
100%
602 Tynamo
100%
582 Vanillite
100%
640 Virizion
100%
637 Volcarona
100%
644 Zekrom
100%
617 Accelgor
80%
594 Alomomola
80%
591 Amoonguss
80%
606 Beheeyem
80%
626 Bouffalant
80%
615 Cryogonal
80%
613 Cubchoo
80%
632 Durant
80%
604 Eelektross
80%
589 Escavalier
80%
597 Ferroseed
80%
592 Frillish
80%
596 Galvantula
80%
593 Jellicent
80%
595 Joltik
80%
588 Karrablast
80%
608 Lampent
80%
619 Mienfoo
80%
618 Stunfisk
80%
583 Vanillish
80%
584 Vanilluxe
80%
629 Vullaby
80%
580 Ducklett
60%
603 Eelektrik
60%
590 Foongus
60%
631 Heatmor
60%
634 Zweilous
60%
No matching quizzes found
Score Distribution
Percent of People with Each Score
Percentile by Number Answered
Your Score History
You have not taken this quiz